01157nab a22002537a 4500003000400000005001700004008004100021040000700062100002800069245013300097260007200230300001300302500003800315505018200353505008900535650002000624650003300644650002400677650001600701650001300717650002800730650001300758773013200771OSt20260114022035.0190605e xxu||||| |||| 00| 0 spa d cPJ aTemperoni, Juan Facundo10aAlgunas valoraciones sobre la regulación nacional en materia de salud y seguridad en el teletrabajo /cJuan Facundo Temperoni. aCiudad Autónoma de Buenos Aires :bThomson Reuters La Ley,c2024. ap. 86-90 aCita: TR LALEY AR/DOC/894/2024.  aSumario: I. Consagración normativa y concepto de teletrabajo.— II. Salud y seguridad en el teletrabajo conforme el ordenamiento jurídico laboral vigente.— III. Balance.  t¿Te interesa el texto completo? Solicitalo al correo: koha@justierradelfuego.gov.ar 0aDERECHO LABORAL 0aTECNOLOGIA DE LA INFORMACION 0aDERECHO INFORMATICO 0aTELETRABAJO 0aPANDEMIA 0aINTELIGENCIA ARTIFICIAL 0aINTERNET0 02711dCiudad Autónoma de Buenos Aires : Thomson Reuters La Ley, 1999-2002.tRevista de derecho del trabajo. Nº 3 - Mayo 2024